Flujos de lodo : impacto del fenómeno, metodologías básicas de análisis y alternativas de mitigación
Kaydedildi:
| Yazar: | |
|---|---|
| Materyal Türü: | Kitap |
| Baskı/Yayın Bilgisi: |
[San José, Costa Rica]
2003
|
| Konular: | |
| Etiketler: |
Etiketle
Etiket eklenmemiş, İlk siz ekleyin!
|
MARC
| LEADER | 00000nam a2200000Ia 4500 | ||
|---|---|---|---|
| 003 | 009245 | ||
| 005 | 20221231144144.0 | ||
| 008 | 140114s2003 cr a m 000 ||s d | ||
| 040 | |c cru CEDI | ||
| 090 | |a TFG 4785 | ||
| 100 | |a Guevara Solera, Mariana |9 6812 | ||
| 245 | |a Flujos de lodo : impacto del fenómeno, metodologías básicas de análisis y alternativas de mitigación | ||
| 260 | |c 2003 |a [San José, Costa Rica] | ||
| 300 | |a ix, 211, [5] hojas (algunas plegables) : ilustraciones a color, mapas color | ||
| 500 | |a Proyecto de graduación (licenciatura en ingeniería civil)--Universidad de Costa Rica, Escuela de Ingeniería Civil | ||
| 650 | |x DESASTRES NATURALES |x MEDIDAS DE SEGURIDAD |x PREVENCION |x COSTA RICA |x GEOMORFOLOGIA |x SISTEMAS DE INFORMACION GEOGRAFICA |x DESPRENDIMIENTOS DE TIERRAS |x PERCEPCION DE RIESGOS |x LLUVIA |x INFLUENCIA |x PLUVIOMETRIA |x RIESGO (ECONOMIA) |x CUENCAS HIDROGRAFICAS |x PLANIFICACION |9 6813 | ||
| 942 | |c TFG | ||
| 999 | |c 17698 |d 17698 | ||
